<?xml version="1.0" encoding="UTF-8"?>
<record
    xmlns:xsi="http://www.w3.org/2001/XMLSchema-instance"
    xsi:schemaLocation="http://www.loc.gov/MARC21/slim http://www.loc.gov/standards/marcxml/schema/MARC21slim.xsd"
    xmlns="http://www.loc.gov/MARC21/slim">

  <leader>01339nam a22002297a 4500</leader>
  <datafield tag="999" ind1=" " ind2=" ">
    <subfield code="c">23681</subfield>
    <subfield code="d">23681</subfield>
  </datafield>
  <controlfield tag="003">NUST</controlfield>
  <controlfield tag="005">20170606130524.0</controlfield>
  <controlfield tag="008">131231b        xxu||||| |||| 00| 0 eng d</controlfield>
  <datafield tag="020" ind1=" " ind2=" ">
    <subfield code="a">92917151506</subfield>
    <subfield code="c">Available</subfield>
  </datafield>
  <datafield tag="040" ind1=" " ind2=" ">
    <subfield code="a">DLC</subfield>
    <subfield code="b">DLC</subfield>
    <subfield code="c">RCMS</subfield>
  </datafield>
  <datafield tag="050" ind1=" " ind2=" ">
    <subfield code="a">629.132 IAT</subfield>
  </datafield>
  <datafield tag="082" ind1=" " ind2=" ">
    <subfield code="2">6th, ed.</subfield>
    <subfield code="a">629.132 IAT</subfield>
    <subfield code="b">002113</subfield>
  </datafield>
  <datafield tag="100" ind1=" " ind2=" ">
    <subfield code="a">International Air Transport Association </subfield>
    <subfield code="9">2090</subfield>
  </datafield>
  <datafield tag="245" ind1=" " ind2=" ">
    <subfield code="a">Flight Simulator Design and Performance Data Requirements </subfield>
    <subfield code="c">International Air Transport Assocation</subfield>
  </datafield>
  <datafield tag="260" ind1=" " ind2=" ">
    <subfield code="a">Geneva </subfield>
    <subfield code="b">International Air Transport Assocation</subfield>
    <subfield code="c">c2000</subfield>
  </datafield>
  <datafield tag="300" ind1=" " ind2=" ">
    <subfield code="a">xii,210,p:</subfield>
    <subfield code="b">ill:</subfield>
    <subfield code="c">24,cm.</subfield>
  </datafield>
  <datafield tag="538" ind1=" " ind2=" ">
    <subfield code="i">Shelf # 10, Row # 6, Mechanical &amp; Aerospace.

Shelf No 1 Row No 3</subfield>
  </datafield>
  <datafield tag="650" ind1=" " ind2=" ">
    <subfield code="x">Flight Simulator Design</subfield>
    <subfield code="9">2091</subfield>
  </datafield>
  <datafield tag="856" ind1=" " ind2=" ">
    <subfield code="3">Table of Content Only</subfield>
  </datafield>
  <datafield tag="942" ind1=" " ind2=" ">
    <subfield code="2">ddc</subfield>
    <subfield code="c">BK</subfield>
    <subfield code="h">629.132 IAT</subfield>
  </datafield>
  <datafield tag="952" ind1=" " ind2=" ">
    <subfield code="0">0</subfield>
    <subfield code="1">0</subfield>
    <subfield code="2">ddc</subfield>
    <subfield code="4">0</subfield>
    <subfield code="7">0</subfield>
    <subfield code="a">RCMS</subfield>
    <subfield code="b">RCMS</subfield>
    <subfield code="c">GEN</subfield>
    <subfield code="d">2014-09-03</subfield>
    <subfield code="l">0</subfield>
    <subfield code="o">629.132 IAT </subfield>
    <subfield code="p">RCMS002113</subfield>
    <subfield code="r">2014-09-03</subfield>
    <subfield code="w">2014-09-03</subfield>
    <subfield code="y">BK</subfield>
  </datafield>
  <datafield tag="952" ind1=" " ind2=" ">
    <subfield code="0">0</subfield>
    <subfield code="1">0</subfield>
    <subfield code="2">ddc</subfield>
    <subfield code="4">0</subfield>
    <subfield code="7">0</subfield>
    <subfield code="a">RCMS</subfield>
    <subfield code="b">RCMS</subfield>
    <subfield code="c">GEN</subfield>
    <subfield code="d">2014-09-03</subfield>
    <subfield code="l">0</subfield>
    <subfield code="o">629.132 IAT </subfield>
    <subfield code="p">RCMS002114</subfield>
    <subfield code="r">2014-09-03</subfield>
    <subfield code="w">2014-09-03</subfield>
    <subfield code="y">BK</subfield>
  </datafield>
  <datafield tag="952" ind1=" " ind2=" ">
    <subfield code="0">0</subfield>
    <subfield code="1">0</subfield>
    <subfield code="2">ddc</subfield>
    <subfield code="4">0</subfield>
    <subfield code="7">0</subfield>
    <subfield code="a">RCMS</subfield>
    <subfield code="b">RCMS</subfield>
    <subfield code="c">GEN</subfield>
    <subfield code="d">2014-09-03</subfield>
    <subfield code="l">0</subfield>
    <subfield code="o">629.132 IAT </subfield>
    <subfield code="p">RCMS002115</subfield>
    <subfield code="r">2014-09-03</subfield>
    <subfield code="w">2014-09-03</subfield>
    <subfield code="y">BK</subfield>
  </datafield>
  <datafield tag="952" ind1=" " ind2=" ">
    <subfield code="0">0</subfield>
    <subfield code="1">0</subfield>
    <subfield code="2">ddc</subfield>
    <subfield code="4">0</subfield>
    <subfield code="7">0</subfield>
    <subfield code="a">RCMS</subfield>
    <subfield code="b">RCMS</subfield>
    <subfield code="c">GEN</subfield>
    <subfield code="d">2014-09-03</subfield>
    <subfield code="l">0</subfield>
    <subfield code="o">629.132 IAT </subfield>
    <subfield code="p">RCMS002116</subfield>
    <subfield code="r">2014-09-03</subfield>
    <subfield code="w">2014-09-03</subfield>
    <subfield code="y">BK</subfield>
  </datafield>
  <datafield tag="952" ind1=" " ind2=" ">
    <subfield code="0">0</subfield>
    <subfield code="1">0</subfield>
    <subfield code="2">ddc</subfield>
    <subfield code="4">0</subfield>
    <subfield code="7">0</subfield>
    <subfield code="a">RCMS</subfield>
    <subfield code="b">RCMS</subfield>
    <subfield code="c">GEN</subfield>
    <subfield code="d">2014-09-03</subfield>
    <subfield code="l">1</subfield>
    <subfield code="o">629.132 IAT </subfield>
    <subfield code="p">RCMS002117</subfield>
    <subfield code="r">2020-01-14</subfield>
    <subfield code="s">2020-01-14</subfield>
    <subfield code="w">2014-09-03</subfield>
    <subfield code="y">BK</subfield>
  </datafield>
</record>
